L'Exposició Universal de Barcelona de 1888 / Josep Mª Garrut
Descripción Física:
58 p. : il. ; 17 x 19 cm
Colección:
Col·lecció A. Duran i Sanpere ; 3
MARC
| LEADER | 00000nam a2200000Ia 4500 | ||
|---|---|---|---|
| 001 | 1714 | ||
| 003 | BGR | ||
| 005 | 20260324175301.0 | ||
| 008 | 160829s1976 xx 000 0 cat d | ||
| 080 | |a H-2-13 | ||
| 100 | |a Garrut, Josep M. |9 24846 | ||
| 245 | |a L'Exposició Universal de Barcelona de 1888 / Josep Mª Garrut | ||
| 260 | |a Barcelona : |b Ajuntament de Barcelona. Delegació de Cultura, |c 1976 | ||
| 300 | |a 58 p. : |b il. ; |c 17 x 19 cm | ||
| 490 | |a Col·lecció A. Duran i Sanpere ; 3 | ||
| 611 | 2 | 0 | |a Exposició Universal de Barcelona |d (1887-1888 : |c Barcelona, Catalunya) |9 55061 |
| 710 | 1 | |a Barcelona (Catalunya). |b Ajuntament |9 50981 | |
| 901 | |a Arxiu | ||
| 942 | |n 1 |2 udc |c MON | ||
| 952 | |0 0 |1 0 |4 0 |6 H213 |7 1 |9 43341 |a Arxiu |b Arxiu |d 2016-12-01 |l 0 |o H-2-13 |p 1714 |r 2016-12-01 00:00:00 |w 2016-12-01 |y ARXIU | ||
| 999 | |c 45886 |d 45886 | ||